000 00331nam a22001337a 4500
008 171005b xxu||||| |||| 00| 0 eng d
020 _a9780971301764
041 _aeng
080 _a159.9
100 _a49
101 _aPSI
245 _aTHE TEN-MINUTE GUIDE TO PSYCHIATRIC DIAGNOSIS AND TREATMENT
_cSTERN,TH,A
942 _2udc
_cBK
999 _c32082
_d32082